Bands and Their Singers - Statistics

General Stats
  • This quiz has been taken 127 times
  • The average score is 64 of 200
Answer Stats
Hint Answer % Correct
John Lennon The Beatles
87%
Kurt Cobain Nirvana
85%
Freddie Mercury Queen
85%
Ozzy Osbourne Black Sabbath
84%
Axl Rose Guns N' Roses
83%
Dave Grohl Foo Fighters
82%
Mick Jagger The Rolling Stones
82%
Harry Styles One Direction
80%
Bono U2
79%
Jared Leto 30 Seconds to Mars
76%
Chris Martin Coldplay
76%
Billie Joe Armstrong Green Day
75%
Stevie Nicks Fleetwood Mac
74%
Sting The Police
74%
Jack White The White Stripes
72%
George Michael Wham
72%
Annie Lennox Eurythmics
71%
Adam Levine Maroon 5
71%
Liam Gallagher Oasis
71%
Jim Morrison The Doors
71%
Phil Collins Genesis
69%
Justin Timberlake NSYNC
68%
Johnny Rotten Sex Pistols
66%
Gwen Stefani No Doubt
65%
Steven Tyler Aerosmith
64%
Robert Plant Led Zeppelin
63%
Courtney Love Hole
62%
Lou Reed The Velvet Underground
62%
James Hetfield Metallica
61%
Chris Cornell Soundgarden
61%
Chester Bennington Linkin Park
60%
Diana Ross The Supremes
60%
Thom Yorke Radiohead
59%
Morrissey The Smiths
59%
Boy George Culture Club
57%
Anthony Kiedis Red Hot Chili Peppers
57%
Eddie Vedder Pearl Jam
55%
Jack Black Tenacious D
55%
Bon Scott AC/DC
54%
Lemmy Kilmister Motorhead
54%
David Gilmour Pink Floyd
54%
Delores O'Riordan The Cranberries
54%
Debbie Harry Blondie
53%
Fred Durst Limp Bizkit
52%
Mark Knopfler Dire Straits
51%
Hayley Williams Paramore
51%
Roger Daltrey The Who
51%
Trent Reznor Nine Inch Nails
49%
John Fogerty Creedence Clearwater Revival
48%
Alex Turner Arctic Monkeys
47%
Billy Corgan Smashing Pumpkins
47%
Serj Tankian System of a Down
47%
Robert Smith The Cure
47%
Damon Albarn Blur
46%
Brendan Urie Panic! At the Disco
46%
David Byrne Talking Heads
46%
Iggy Pop The Stooges
46%
Jerry Garcia Grateful Dead
45%
Ian Curtis Joy Division
43%
Paul Stanley Kiss
43%
Brandon Flowers The Killers
43%
David Lee Roth Van Halen
42%
Chad Kroeger Nickelback
41%
Ann Wilson Heart
40%
Matty Healy The 1975
40%
Layne Staley Alice In Chains
39%
Simon Le Bon Duran Duran
39%
Tom Delonge Blink-182
38%
Amy Lee Evanescence
38%
Dave Mustaine Megadeth
38%
Zack De la Rocha Rage Against the Machine
38%
Michael Hutchence INXS
37%
Steve Perry Journey
37%
Corey Taylor Slipknot
37%
Jeff Lynne Electric Light Orchestra
36%
Bruck Dickinson Iron Maiden
36%
Rob Thomas Matchbox Twenty
36%
Gerard Way My Chemical Romance
36%
Michael Stipe R.E.M.
36%
Rob Zombie White Zombie
36%
Glenn Frey Eagles
35%
Ronnie Van Zant Lynyrd Skynyrd
35%
Vince Neil Motley Crue
35%
Joe Strummer The Clash
35%
Rod Stewart Faces
34%
Ray Davies The Kinks
34%
Dee Snider Twisted Sister
34%
Patrick Stump Fall Out Boy
33%
Till Lindemann Rammstein
33%
Marc Bolan T. Rex
33%
Chrissie Hynde The Pretenders
32%
Rivers Cuomo Weezer
32%
Billy Gibbons ZZ Top
32%
Rob Halford Judas Priest
31%
Bret Michaels Poison
31%
Bryan Ferry Roxy Music
31%
Scott Weiland Stone Temple Pilots
31%
Grace Slick Jefferson Airplane
29%
Geddy Lee Rush
29%
Ric Ocasek The Cars
29%
Eric Burdon The Animals
28%
Matt Bellamy Muse
27%
Henry Rollins Black Flag
26%
Ian Gillan Deep Purple
26%
Joe Elliott Def Leppard
26%
Taylor Momsen The Pretty Reckless
26%
Gavin Rossdale Bush
25%
Shirley Manson Garbage
25%
Joshua Homme Queens of the Stone Age
23%
Maynard James Keenan Tool
23%
Jonathan Davis Korn
22%
Chuck D Public Enemy
22%
Paul Weller The Jam
22%
Scott Stapp Creed
21%
Les Claypool Primus
21%
Jarvis Cocker Pulp
21%
Julian Casablancas The Strokes
21%
Neil Tennant Pet Shop Boys
20%
Klaus Meine Scorpions
20%
Kim Gordon Sonic Youth
20%
Karen O Yeah Yeah Yeahs
20%
Dave Gahan Depeche Mode
19%
Ryan Tedder OneRepublic
19%
Lou Gramm Foreigner
18%
Perry Farrell Jane's Addiction
18%
Danny Elfman Oingo Boingo
18%
Mike Love The Beach Boys
18%
Dexter Holland The Offspring
18%
Jon Anderson Yes
18%
Phil Anselmo Pantera
17%
Black Francis Pixies
17%
Morten Harket A-ha
16%
Paul Rodgers Bad Company
16%
Mike Patton Faith No More
16%
Dan Reynolds Imagine Dragons
16%
Ice T Body Count
15%
Jello Biafra Dead Kennedys
15%
Chino Moreno Deftones
15%
Mark Mothersbaugh Devo
15%
Tobias Forge Ghost
15%
Glenn Danzig Misfits
15%
Elizabeth Fraser Cocteau Twins
14%
David Draiman Disturbed
14%
Tom Araya Slayer
14%
Roger McGuinn The Byrds
14%
Ian Brown The Stone Roses
14%
Peter Steele Type O Negative
14%
Brian Molko Placebo
13%
Dan Auerbach The Black Keys
13%
Philip Oakley The Human League
13%
Peter Murphy Bauhaus
12%
Ville Valo HIM
12%
Kevin Parker Tame Impala
12%
Ezra Koenig Vampire Weekend
12%
Brad Delp Boston
11%
Ian McColloch Echo & the Bunnymen
11%
Ian MacKaye Fugazi
11%
Hope Sandoval Mazzy Star
11%
Beth Gibbons Portishead
11%
Jeff Tweedy Wilco
11%
Win Butler Arcade Fire
9%
Ben Gibbard Death Cab For Cutie
9%
MC Ride Death Grips
9%
Josh Kiszka Greta Van Fleet
9%
Nina Persson The Cardigans
9%
Wayne Coyne The Flaming Lips
9%
M. Shadows Avenged Sevenfold
8%
Stephen Malkmus Pavement
8%
Bradley Nowell Sublime
8%
Paul Westerberg The Replacements
8%
Myles Kennedy Alter Bridge
7%
Kevin Shields My Bloody Valentine
7%
Jeff Mangum Neutral Milk Hotel
7%
Jacoby Shaddix Papa Roach
7%
Brandon Boyd Incubus
6%
Jaz Coleman Killing Joke
6%
Randy Blythe Lamb of God
6%
James Murphy LCD Soundsystem
6%
Corey Glover Living Colour
6%
King Buzzo Melvins
6%
Al Jourgensen Ministry
6%
Aaron Lewis Staind
6%
Michael Gira Swans
6%
Adam Gontier Three Days Grace
6%
H.R. (Human Rights) Bad Brains
5%
Matt Schultz Cage the Elephant
5%
James Dean Bradfield Manic Street Preachers
5%
King Diamond Mercyful Fate
5%
Steven Wilson Porcupine Tree
5%
John Kay Steppenwolf
5%
Ivan Moody Five Finger Death Punch
4%
Matt Berninger The National
4%
John McCrea Cake
3%
Pete Loeffler Chevelle
3%
Lauren Mayberry Chvrches
3%
Paul Banks Interpol
3%
Isaac Brock Modest Mouse
3%
Jim Adkins Jimmy Eat World
2%
Stu Mackenzie King Gizzard & the Lizard Wizard
2%
Nivek Ogre Skinny Puppy
1%
No matching quizzes found
Score Distribution
Percent of People with Each Score
Percentile by Number Answered
Your Score History
You have not taken this quiz